书目信息 |
| 题名: |
高分子化学
|
|
| 作者: | 卢江 , 梁晖 主编 | |
| 分册: | ||
| 出版信息: | 北京 化学工业出版社 2005.05 |
|
| 页数: | 304页 | |
| 开本: | 26cm | |
| 丛书名: | 高分子科学与工程系列教材 | |
| 单 册: | ||
| 中图分类: | O63-43 | |
| 科图分类: | ||
| 主题词: | 高分子化学--gao fen zi hua xue--高等学校--教材 | |
| 电子资源: | ||
| ISBN: | 7-5025-6770-4 | |
| 000 | 00950nam 2200277 450 | |
| 001 | 012006733030 | |
| 005 | 20060313134926.70 | |
| 010 | @a7-5025-6770-4@dCNY34.00 | |
| 100 | @a20060313d2005 km y0chiy0120 ea | |
| 101 | 0 | @achi |
| 102 | @aCN@b110000 | |
| 105 | @aa a 000yy | |
| 200 | 1 | @a高分子化学@Agao fen zi hua xue@f卢江, 梁晖主编@Flu jiang,liang hui zhu bian |
| 210 | @a北京@c化学工业出版社@d2005.05 | |
| 215 | @a304页@c图@d26cm | |
| 225 | 2 | @a高分子科学与工程系列教材@Agao fen zi ke xue yu gong cheng xi lie jiao cai |
| 320 | @a有书目。 | |
| 330 | @a本书讲述了高分子单元合成,高分子物理重要聚合反应及其机理、动力学、聚合反应的实施方法。 | |
| 333 | @a高等学校教材 | |
| 410 | 0 | @12001 @a高分子科学与工程系列教材 |
| 606 | 0 | @a高分子化学@Agao fen zi hua xue@x高等学校@j教材 |
| 690 | @aO63-43@v4 | |
| 701 | 0 | @a卢江@Alu jiang@4主编 |
| 701 | 0 | @a梁晖@Aliang hui@4主编 |
| 801 | 0 | @aCN@bQSSK@c20060313 |
| 905 | @a10447@dO63-43@eL783 | |
| 高分子化学/卢江, 梁晖主编.-北京:化学工业出版社,2005.05 |
| 304页:图;26cm.-(高分子科学与工程系列教材) |
| 使用对象:高等学校教材 |
| ISBN 7-5025-6770-4:CNY34.00 |
| 本书讲述了高分子单元合成,高分子物理重要聚合反应及其机理、动力学、聚合反应的实施方法。 |
| ● |
| 相关链接 |
|
|
|
正题名:高分子化学
索取号:O63-43/L783
 
预约/预借
| 序号 | 登录号 | 条形码 | 馆藏地/架位号 | 状态 | 备注 |
| 1 | 556044 | 205560445 | 自科库401/401自科库 93排1列5层/ [索取号:O63-43/L783] | 在馆 | |
| 2 | 556045 | 205560454 | 自科库401/401自科库 93排1列5层/ [索取号:O63-43/L783] | 在馆 |